000 00915nam a2200289 a 4500
001 000015880
003 DO-SdBNP
005 20180320130640.0
007 000015880
008 100222s1983 dr a 000 0 spa d
040 _aBPMSU
_bspa
_cBPMSU
092 _a342.02
_bP277p, 1982
245 0 0 _aPasado, presente y futuro de nuestra constitución
260 _aSanto Domingo :
_bCámara de Diputados,
_c1983.
300 _a79 p. :
_bil. ;
_c23 cm.
500 _aEdición popular ilustrada.
651 4 _aREPÚBLICA DOMINICANA
_xHISTORIA CONSTITUCIONAL
651 4 _aREPÚBLICA DOMINICANA
_zDERECHO CONSTITUCIONAL
910 _aValidado. Control de calidad EMS
930 1 _l
_m
_h
_8
_f
_p
_g
930 1 _l
_m
_h
_8
_f
_p
_g
_h
930 1 _l
_m
_h
_8
_f
_p
_g
_h
942 _2ddc
_cBK
945 _aInventariado / 2018 VM
956 _a
_b
_c
_l
_h
956 _aVMATEO
_b10
_c20150423
_lBPMSU
_h 0069
999 _c7681
_d7681